Design With Operational Amplifiers And Analog Integrated Circuits (Record no. 354174)

MARC details
000 -LEADER
fixed length control field 00448nam a2200169Ia 4500
008 - FIXED-LENGTH DATA ELEMENTS--GENERAL INFORMATION
fixed length control field 230719s9999 xx 000 0 und d
020 ## - INTERNATIONAL STANDARD BOOK NUMBER
International Standard Book Number 0-07-053044-0
041 ## - LANGUAGE CODE
Language code of text/sound track or separate title eng
082 ## - DEWEY DECIMAL CLASSIFICATION NUMBER
Classification number 621.3815
Item number FRA
100 ## - MAIN ENTRY--PERSONAL NAME
Personal name Franco S.
245 ## - TITLE STATEMENT
Title Design With Operational Amplifiers And Analog Integrated Circuits
250 ## - EDITION STATEMENT
Edition statement 3rd ed.
260 ## - PUBLICATION, DISTRIBUTION, ETC. (IMPRINT)
Name of publisher, distributor, etc. Tata McGraw Hill
300 ## - PHYSICAL DESCRIPTION
Extent 658
Accompanying material [OBSOLETE, CAN/MARC] Ref 790 E (21632)
365 ## - TRADE PRICE
Currency code Rs.
Price amount 197.00
700 ## - ADDED ENTRY--PERSONAL NAME
Personal name Franco S.
Holdings
Withdrawn status Lost status Damaged status Not for loan Home library Current library Shelving location Date acquired Vendor Cost, normal purchase price Total Checkouts Full call number Barcode Date last seen Date last checked out Cost, replacement price Bill Date Koha item type Original Barcode
        Cummins College of Engineering for Women Pune Cummins College of Engineering for Women Pune Donated Book 31/07/2013 Masurkar Enterprises 197.00 1 621.3815 CCEP-DB-379 29/11/2024 16/11/2024 197.00 19/07/2023 Books D00379